|
|
|
|
| LEADER |
00000nam0a2200000 4500 |
| 001 |
373891 |
| 005 |
20231102012615.0 |
| 035 |
|
|
|a (RuTPU)RU\TPU\retro\31322
|
| 035 |
|
|
|a RU\TPU\book\305067
|
| 090 |
|
|
|a 373891
|
| 100 |
|
|
|a 20221216d1979 k y0rusy50 ca
|
| 101 |
0 |
|
|a rus
|
| 102 |
|
|
|a RU
|
| 105 |
|
|
|a y z 001zy
|
| 200 |
1 |
|
|a Конструктивная стратиграфия
|f Ю. С. Салин
|g Академия наук СССР (АН СССР), Дальневосточный научный центр, Институт тектоники и геофизики им. Ю. А. Косыгина (ИТиГ)
|
| 210 |
|
|
|a Москва
|c Наука
|d 1979
|
| 215 |
|
|
|a 173 с.
|
| 320 |
|
|
|a Библиогр.: с. 167-170.
|
| 606 |
1 |
|
|a Стратиграфия
|2 stltpush
|3 (RuTPU)RU\TPU\subj\57192
|9 75055
|
| 610 |
1 |
|
|a цели
|
| 610 |
1 |
|
|a задачи
|
| 610 |
1 |
|
|a методы
|
| 610 |
1 |
|
|a средства
|
| 610 |
1 |
|
|a корреляция
|
| 610 |
1 |
|
|a геологическое время
|
| 610 |
1 |
|
|a физическое время
|
| 675 |
|
|
|a 551.7
|v 3
|
| 700 |
|
1 |
|a Салин
|b Ю. С.
|g Юрий Сергеевич
|
| 712 |
0 |
2 |
|a Академия наук СССР (АН СССР)
|b Дальневосточный научный центр
|b Институт тектоники и геофизики им. Ю. А. Косыгина (ИТиГ)
|c (Хабаровск)
|2 stltpush
|3 (RuTPU)RU\TPU\col\11505
|
| 801 |
|
1 |
|a RU
|b 63413507
|c 20150121
|
| 801 |
|
2 |
|a RU
|b 63413507
|c 20221216
|g RCR
|
| 942 |
|
|
|c BK
|